The China-Pakistan axis : (Record no. 16190)

000 -LEADER
fixed length control field 01350cam a22003497i 4500
001 - CONTROL NUMBER
control field 18715011
003 - CONTROL NUMBER IDENTIFIER
control field OSt
005 - DATE AND TIME OF LATEST TRANSACTION
control field 20180117085954.0
008 - FIXED-LENGTH DATA ELEMENTS--GENERAL INFORMATION
fixed length control field 130821s2015 enk b 001 0 eng d
010 ## - LIBRARY OF CONGRESS CONTROL NUMBER
LC control number 2014482145
020 ## - INTERNATIONAL STANDARD BOOK NUMBER
International Standard Book Number 9781849043410
020 ## - INTERNATIONAL STANDARD BOOK NUMBER
International Standard Book Number 1849043418
035 ## - SYSTEM CONTROL NUMBER
System control number (OCoLC)ocn902759603
040 ## - CATALOGING SOURCE
Original cataloging agency YDXCP
Language of cataloging eng
Transcribing agency YDXCP
Description conventions rda
Modifying agency UAB
-- DLC
042 ## - AUTHENTICATION CODE
Authentication code lccopycat
043 ## - GEOGRAPHIC AREA CODE
Geographic area code a-cc---
-- a-pk---
050 00 - LIBRARY OF CONGRESS CALL NUMBER
Classification number DS740.5.P18
Item number S63 2015
082 04 - DEWEY DECIMAL CLASSIFICATION NUMBER
Classification number 327.5105491
Edition number 23
100 1# - MAIN ENTRY--PERSONAL NAME
Personal name Small, Andrew,
Relator term author.
245 14 - TITLE STATEMENT
Title The China-Pakistan axis :
Remainder of title Asia's new geopolitics /
Statement of responsibility, etc. Andrew Small.
260 ## - PUBLICATION, DISTRIBUTION, ETC.
Place of publication, distribution, etc. London
Name of publisher, distributor, etc. Hurst and Company
Date of publication, distribution, etc. 2015
300 ## - PHYSICAL DESCRIPTION
Extent xvi, 319 pages ;
Dimensions 23 cm
504 ## - BIBLIOGRAPHY, ETC. NOTE
Bibliography, etc. note Includes bibliographical references (pages 269-292) and index.
650 #0 - SUBJECT ADDED ENTRY--TOPICAL TERM
Topical term or geographic name entry element Geopolitics
Geographic subdivision Pakistan.
651 #0 - SUBJECT ADDED ENTRY--GEOGRAPHIC NAME
Geographic name China
General subdivision Foreign relations
Geographic subdivision Pakistan.
651 #0 - SUBJECT ADDED ENTRY--GEOGRAPHIC NAME
Geographic name Pakistan
General subdivision Foreign relations
Geographic subdivision China.
651 #0 - SUBJECT ADDED ENTRY--GEOGRAPHIC NAME
Geographic name Pakistan
General subdivision Strategic aspects.
906 ## - LOCAL DATA ELEMENT F, LDF (RLIN)
a 7
b cbc
c copycat
d 3
e ncip
f 20
g y-gencatlg
942 ## - ADDED ENTRY ELEMENTS (KOHA)
Source of classification or shelving scheme
Koha item type Book
Holdings
Withdrawn status Lost status Damaged status Not for loan Collection code Permanent Location Current Location Shelving location Date acquired Total Checkouts Full call number Barcode Date last seen Price effective from Koha item type
          Centre for International Peace & Stability (CIPS) Centre for International Peace & Stability (CIPS) General Stacks 08/19/2015   327.5105491 SMA 2015 CIPS0002625 08/19/2015 08/19/2015 Book
© 2023 Central Library, National University of Sciences and Technology. All Rights Reserved.